Normal view
MARC view
- Sáenz, Moisés,
Entry Nombre Personal
001 - NUMERO DE CONTROL
- campo de control: 42017
003 - IDENTIFICADOR DE NUMERO DE CONTROL
- campo de control: DLC
005 - FECHA Y HORA DE LA ÜLTIMA TRANSACCIÓN
- campo de control: 20231101091913.0
008 - DATOS DE LONGITUD FIJA
- campo de control de longitud fija: 830630n| acannaabn |n aaa
010 ## - NÚMERO DE CONTROL DE LA BIBLIOTECA DEL CONGRESO
- Número de control LC: n 83124297
035 ## - NUMERO DE CONTROL
- Número de control: (OCoLC)oca00959250
040 ## - FUENTE DE CATALOGACIÓN
- Agencia original de catalogación: DLC
- Lenguaje de catalogación: spa
- Agencia de transcripción: DLC
- Agencia que lo modifica: OCoLC
- Agencia que lo modifica: MX-MxUPN
100 1# - ENCABEZAMIENTO - NOMBRE PERSONAL
- Nombre personal: Sáenz, Moisés,
- Fechas asociadas con el nombre: 1888-1941
670 ## - FUENTE EN LA QUE SE LOCALIZARON DATOS
- Cita de la fuente: México íntegro, 1982:
- Información localizada: portada (Moisés Sáenz)
670 ## - FUENTE EN LA QUE SE LOCALIZARON DATOS
- Cita de la fuente: LC data base, 6-15-83
- Información localizada: (hdg.: Sáenz, Moisés, 1888-1941)
670 ## - FUENTE EN LA QUE SE LOCALIZARON DATOS
- Cita de la fuente: Antología de Moisés Sáenz, 1970:
- Información localizada: portada (Moisés Sáenz)
902 ## - CATALOGADOR
- Catalogador: Víctor Ruiz/011123
